CHOROBY - Statystyki

Ogólne statystyki
  • Ten quiz został rozwiązany 89 razy
    73 od ostatniego zresetowania
  • Średni wynik to 13 z 35
Statystyki odpowiedzi
TYP ZAKAŻENIA CHOROBA % Poprawnych
grypa
83%
różyczka
70%
odra
68%
WIRUSOWE AIDS
62%
świnka
62%
PROTISTOWE malaria
53%
tężec
53%
gruźlica
51%
ospa wietrzna
51%
*choroba Gravesa-Basedowa nadczynność tarczycy
45%
*choroba Hashimoto niedoczynność tarczycy
45%
wścieklizna
45%
kiła
43%
angina
40%
półpasiec
40%
rzeżączka
38%
WZW A
38%
WZW B
38%
WZW C
38%
BAKTERYJNE borelioza
36%
cholera
32%
toksoplazmoza
32%
AUTOIMMU-NOLOGICZNE cukrzyca typu I
30%
reumatoidalne zapalenie stawów
28%
bielactwo
26%
łysienie plackowate
26%
zakażenie wirusem brodawczaka ludzkiego
26%
lamblioza
25%
opryszczka
25%
łuszczyca
23%
stwardnienie rozsiane
21%
szkarlatyna
21%
trąd
17%
salmonelloza
9%
rzęsistkowica
8%
Nie znaleziono quizów pasujących do podanych kryteriów
Rozkład punktacji
Procent ludzi z każdym wynikiem
Percentyl według liczby udzielonych odpowiedzi
Twoja historia wyników
Nie rozwiązałeś tego quizu od ostatniego zresetowania